000 00616nam a22002297a 4500
005 20220720115614.0
008 220720b ||||| |||| 00| 0 eng d
040 _cAL
041 _aEnglish
082 _223
_a335.4
_bMASS
100 _aM R Masani
_951759
245 _aSocialism Reconsidered
260 _aBombay
_bPadma Publications Ltd
_c1944
300 _a55 p.
_bPB
_c18.5x12.5 cm.
650 _aSocialism
_951760
650 _aPolitics and government
_951761
650 _aSoviet Union
_951762
650 _aRussia
_951763
650 _aIndia
_951764
700 _aMASANI (M R)
_951765
942 _2ddc
_cGF
999 _c224025
_d224025